El conocimiento natural de la divinidad según Amor Ruibal
Uloženo v:
| Hlavní autor: | |
|---|---|
| Médium: | Kniha |
| Jazyk: | španělština |
| Vydáno: |
Roma
Pontificia Studirum Universitas A. S. Thomas Aq. in Urbe
1984
|
| Témata: | |
| Tagy: |
Přidat tag
Žádné tagy, Buďte první, kdo vytvoří štítek k tomuto záznamu!
|
MARC
| LEADER | 00000nam a2200000 a 4500 | ||
|---|---|---|---|
| 001 | UCX2040 | ||
| 003 | CL-VaPUC | ||
| 008 | 910114e19840000IT |||||||||||||||||spa|d | ||
| 082 | 0 | 4 | |a 196.1 |b SAM |2 21 |
| 100 | 0 | |a Sampedro Nieto, Francisco |e author |9 317808 | |
| 245 | 1 | 3 | |a El conocimiento natural de la divinidad según Amor Ruibal |
| 300 | |a 189 p | ||
| 942 | |c BK | ||
| 945 | |d 19910114 00:00:00 | ||
| 260 | |a Roma |b Pontificia Studirum Universitas A. S. Thomas Aq. in Urbe |c 1984 | ||
| 600 | 0 | 7 | |a AMOR RUIBAL, ANGEL |2 CL-VaPUC |9 317809 |
| 650 | 0 | |a Filósofos |9 269126 | |
| 651 | 0 | |a España |9 254926 | |
| 583 | |a last modification |c 19910114 00:00:00 |k Rodrigo Vera | ||
| 999 | |c 223143 |d 223141 | ||
| 952 | |0 0 |1 2 |4 0 |6 196_100000000000000_SAM_1984 |7 0 |8 A |9 218652 |a BIBTEO |b BIBTEO |d 2019-11-15 |i 2874520 |o 196.1 SAM 1984 |p 2874520 |r 2019-11-15 |w 2019-11-15 |x Descarte 2019 |y BK |k ICR | ||
| 952 | |0 0 |1 0 |4 0 |6 196_100000000000000_SAM_1984 |7 0 |8 A |9 218653 |a BIBTEO |b BIBTEO |d 2019-11-15 |i 4063775 |o 196.1 SAM 1984 |p 4063775 |r 2025-01-17 |w 2019-11-15 |y BK |k ICR | ||
| 952 | |0 0 |1 0 |4 0 |6 196_100000000000000_SAM_1984 |7 0 |8 A |9 218654 |a BIBTEO |b BIBTEO |d 2019-11-15 |i 4076036 |o 196.1 SAM 1984 |p 4076036 |r 2025-01-17 |w 2019-11-15 |y BK |k ICR | ||